| 000 | 00459nam a2200181Ia 4500 | ||
|---|---|---|---|
| 001 | 3987 | ||
| 005 | 20260306145723.0 | ||
| 008 | 260306t2022||||xx |||||||||||||| ||spa|| | ||
| 041 | _aESP | ||
| 082 |
_a306.0985 _bE43 |
||
| 100 |
_aElmore, Peter _eAUT |
||
| 245 | 0 |
_aLos juicios finales: _bcultura peruana moderna y mentalidades andinas |
|
| 260 | _c2022 | ||
| 300 |
_a432 páginas : _c24 cm. |
||
| 650 | _aGEN | ||
| 654 | _aCHU | ||
| 942 |
_cLIB _dJUS _fJUS _2ddc _n |
||
| 999 |
_c3987 _d3987 |
||